| 000 | 00752nam a2200241Ia 4500 | ||
|---|---|---|---|
| 001 | dia_2407 | ||
| 003 | CHAP | ||
| 005 | 20251023152019.0 | ||
| 008 | 220117s1965 xx 000 0 und d | ||
| 010 | _a172930 | ||
| 040 | _cCHAP | ||
| 082 | _a660.2 F66 | ||
| 100 |
_aFormoso Permuy, Antonio _9152772 |
||
| 245 |
_a2000 Procedimientos Industriales al Alcance de Todos / _c por Antonio Formoso Permuy |
||
| 250 | _a9/ Revisada y muy Aumentada con Nuevas Fórmulas | ||
| 260 |
_aMéxico : _b Nacional, _c1965 |
||
| 300 | _a1030 p. | ||
| 600 |
_a1.Ingeniería química/ 2.Procesos industriales. i.t. _9152774 |
||
| 901 | _a660.2 F66 | ||
| 902 | _aM | ||
| 905 | _a0000001965 MEXX 0000000000ESP00 | ||
| 942 |
_cLIBRO _2ddc |
||
| 999 |
_c172930 _d172930 |
||